000 00977 a2200229 4500
001 118305
020 _a9788574125503
020 _qbroch.
041 _aeng
082 _a028
100 _aPrieto, Heloisa
520 _aNeste belo livro, a autora e a ilustradora propõem novas leituras de contos clássicos como Chapeuzinho Vermelho, Os três porquinhos e o Gato de botas, entre outros. Leitores jovens, ou nem tanto, irão se surpreender com as versões aqui apresentadas, que mantêm o espírito das histórias tradicionais ao mesmo tempo em que atualizam seus contextos.
697 _aContos de Fada
856 _u00002f/00002fb6.jpg
040 _aBR-BrIDEA
_cBR-BrIDEA
090 _aYear 3 028
_bPRI
245 1 0 _aO guardião da floresta
_be outras histórias que você já conhece
_cHeloisa Prieto ; Ilustrações Laurabeatriz
260 _aSão Paulo
_bBrinque-Book
_c2017
300 _a70 p.
_bcol. ill.
700 _aLaurabeatriz
_eilustradora
942 _cBK
999 _c118305
_d118305